000 01006nam a22003137a 4500
003 CHAP
005 20220329134123.0
008 971013s r 00010 d
010 _a15691
011 _a16663
035 _a20745
040 _cCHAP
090 _aFolleto 8415
100 0 0 _aGuanos y Fertilizantes de México, S. A.
_951001
245 _aCartas colorimétricas para análisis rápido de tierras
260 _a(s.l. :
_bs.n.),
_c(s.a.)
300 _a(s.p.)
500 _ac.4-12 en col. bodega
590 _aBATCH-UPD
_b10
_c20130110
_lUCH01
_h1919
590 _aBATCH-UPD
_b10
_c20130410
_lUCH01
_h1245
590 _aBATCH-UPD
_b10
_c20130914
_lUCH01
_h1554
590 _aCONVERSION
_b10
_c20130109
_lUCH01
_h1310
650 1 4 _aSuelos
_xAnálisis.
_9110204
901 _aBK
942 _cFOLL
949 _aFolleto 8415
_bBC
_cFOLL
_d-48339
_eTS1
_i20745
_mD
_si
949 _aFolleto 8415
_bBC
_cFOLL
_d-51793
_eTS2
_fc.2
_i20745
_mD
_si
949 _aFolleto 8415
_bBC
_cFOLL
_d-51796
_eTS2
_fc.3
_i20745
_si
999 _c15691
_d15691